Bocas del tiempo /

Guardado en:
Autor Principal: Galeano, Eduardo
Formato: Libro
Publicado: Buenos Aires : Siglo Veintiuno, 2013
Series:Biblioteca Eduardo Galeano
Materias:
Etiquetas: Agregar Etiqueta
Sin Etiquetas, Sea el primero en etiquetar este registro!
LEADER 00575nam a22002055a 4500
001 CEM.cems014598
005 20150915172748.0
008 130507s2013##################000#0#####d
003 CEMS
020 |a 9789876291118 
082 0 4 |a U868.4 
100 1 |a Galeano, Eduardo 
245 1 0 |a Bocas del tiempo /  |c Eduardo Galeano 
260 |a Buenos Aires :  |b Siglo Veintiuno,  |c 2013 
300 |a 360 p. 
490 0 |a Biblioteca Eduardo Galeano 
653 |a Liteatura 
653 |a Literatura uruguaya 
653 |a Relatos 
859 |a CEMS  |b BIB. CEMS - 11 de abril  |h U868.4  |i G131-7  |p 27168.15  |t Ej.1